| 000 | 00779 a2200181 4500 | ||
|---|---|---|---|
| 003 | NUST | ||
| 005 | 20221219153439.0 | ||
| 020 | _a8130706113 | ||
| 040 | _cNust | ||
| 082 | _a342.733,MUN | ||
| 100 |
_aMunro, William B. _966515 |
||
| 245 |
_aThe government of the United States / _cWilliam B. Munro |
||
| 260 |
_aNew Delhi _bCosmo _c2007 |
||
| 300 | _aix, 794 p.: | ||
| 505 | _aThe Study Of Government (Page-1), Foundations Of Political Power (Page-108), The National Executive (Page-178), The Organization Of Congress (Page-258), Congress In Action (Page-332), The National Judiciary (Page-472), State Government And Administration (Page-507), Municipal And Local Government (Page-653). | ||
| 650 |
_aUnited States government systems _9105224 |
||
| 942 |
_2ddc _cBK _k342.733,MUN |
||
| 999 |
_c184583 _d184583 |
||